[Event "GER-ch U12"]
[Site "Magdeburg"]
[Date "2014.06.08"]
[Round "2"]
[White "Weiten, Teresa"]
[Black "Huels, Maximilian"]
[Result "0-1"]
[WhiteElo "1137"]
[BlackElo "1449"]
[PlyCount "72"]
[EventDate "2014.06.08"]
[EventType "swiss"]
[EventRounds "11"]
[EventCountry "GER"]
[SourceTitle "CBM 160 Extra"]
[Source "ChessBase"]
[SourceDate "2014.07.01"]
[SourceVersion "1"]
[SourceVersionDate "2014.07.01"]
[SourceQuality "1"]

1. e4 c5 2. d4 cxd4 3. c3 d5 4. exd5 Qxd5 5. cxd4 e6 6. Nc3 Qd8 7. Nf3 Nf6 8. Be3 Nc6 9. Bd3 Be7 10. 0-0 0-0 11. Rc1 b6 12. a3 Bb7 13. Bb1 Rc8 14. Qd3 g6 15. Bh6 Re8 16. Rfd1 Nd5 17. Ne2 Bf6 18. Ng3 Qd7 19. Nh5 Bh8 20. Ng5 f6 21. Nf7 Qxf7 22. Ng3 f5 23. Bc2 Nxd4 24. Ba4 Rxc1 25. Rxc1 Rc8 26. Rxc8+ Bxc8 27. Qc4 Qc7 28. Qxc7 Nxc7 29. Kf1 b5 30. Bd1 Nc6 31. Bb3 Bxb2 32. a4 Nd4 33. Bd1 bxa4 34. Bxa4 Ba6+ 35. Ke1 Bc3+ 36. Kd1 Nd5 0-1

[Event "GER-ch U12"]
[Site "Oberhof"]
[Date "2013.05.23"]
[Round "8"]
[White "Weiten, Teresa"]
[Black "Grey, Andrea"]
[Result "0-1"]
[WhiteElo "995"]
[BlackElo "1157"]
[PlyCount "86"]
[EventDate "2013.05.19"]
[EventType "swiss"]
[EventRounds "11"]
[EventCountry "GER"]
[SourceTitle "CBM 154 Extra"]
[Source "ChessBase"]
[SourceDate "2013.06.25"]
[SourceVersion "2"]
[SourceVersionDate "2013.06.25"]
[SourceQuality "1"]

1. e4 c5 2. d4 cxd4 3. c3 dxc3 4. Nxc3 Nc6 5. Nf3 g6 6. Bc4 Bg7 7. e5 Nxe5 8. Nxe5 Bxe5 9. Bxf7+ Kxf7 10. Qd5+ Ke8 11. Qxe5 Nf6 12. Bg5 d6 13. Qe3 Kf7 14. 0-0 Bd7 15. Qf4 Bc6 16. Qc4+ d5 17. Qc5 Qd7 18. Rad1 Rhd8 19. Bxf6 exf6 20. Qd4 Qf5 21. Rd3 Qe5 22. Qh4 Kg7 23. Rh3 Rh8 24. f3 Qe3+ 25. Rf2 Qg5 26. Qb4 Rae8 27. Ne2 Re6 28. Nf4 Re5 29. Rc2 Rhe8 30. Rxc6 bxc6 31. Qb7+ R8e7 32. Qb4 c5 33. Qd2 d4 34. b4 cxb4 35. Qxd4 a5 36. Rg3 Qf5 37. Nd3 Rd5 38. Qf4 Qxd3 39. Qc1 Rde5 40. Kf2 Qe2+ 41. Kg1 Qe1+ 42. Qxe1 Rxe1+ 43. Kf2 R7e2# 0-1

[Event "GER-ch U12"]
[Site "Oberhof"]
[Date "2013.05.22"]
[Round "7"]
[White "Lohrmann, Tabea"]
[Black "Weiten, Teresa"]
[Result "1-0"]
[WhiteElo "1553"]
[BlackElo "995"]
[PlyCount "101"]
[EventDate "2013.05.19"]
[EventType "swiss"]
[EventRounds "11"]
[EventCountry "GER"]
[SourceTitle "CBM 154 Extra"]
[Source "ChessBase"]
[SourceDate "2013.06.25"]
[SourceVersion "2"]
[SourceVersionDate "2013.06.25"]
[SourceQuality "1"]

1. e4 e5 2. Nf3 Nc6 3. Bc4 Nf6 4. d4 exd4 5. e5 Ne4 6. Qe2 Bb4+ 7. Kf1 Nc5 8. a3 Ba5 9. b4 Bb6 10. bxc5 Bxc5 11. Ng5 0-0 12. Qe4 Re8 13. Bxf7+ Kf8 14. Bxe8 Kxe8 15. Qd5 Qe7 16. Qg8+ Qf8 17. Qxf8+ Bxf8 18. Nxh7 d5 19. Nxf8 Kxf8 20. f4 Bf5 21. c3 dxc3 22. Nxc3 Rd8 23. Ra2 d4 24. Ne2 Bd3 25. Rd2 Bxe2+ 26. Kxe2 Na5 27. Rhd1 c5 28. f5 Nb3 29. Rd3 Nxc1+ 30. Rxc1 Kf7 31. Rxc5 b6 32. Rc7+ Kf8 33. Rxa7 Rd5 34. e6 Rxf5 35. e7+ Ke8 36. Rxd4 Re5+ 37. Kd3 Rxe7 38. Rxe7+ Kxe7 39. Rd5 Ke6 40. Ke4 g6 41. a4 Kf6 42. g4 Ke6 43. g5 Ke7 44. Ke5 Kf7 45. Rd7+ Ke8 46. Ke6 Kf8 47. Re7 Kg8 48. Rf7 Kh8 49. Kf6 Kg8 50. Kxg6 Kh8 51. Rf8# 1-0

[Event "GER-ch U10"]
[Site "Oberhof"]
[Date "2012.05.31"]
[Round "8"]
[White "Weiten, Teresa"]
[Black "Hovhannisyan, Artur"]
[Result "1-0"]
[WhiteElo "834"]
[BlackElo "961"]
[PlyCount "117"]
[EventDate "2012.05.27"]
[EventType "swiss"]
[EventRounds "11"]
[EventCountry "GER"]
[SourceTitle "CBM 148 Extra"]
[Source "ChessBase"]
[SourceDate "2012.06.22"]
[SourceVersion "1"]
[SourceVersionDate "2012.06.22"]
[SourceQuality "1"]

1. e4 e5 2. Nf3 Nc6 3. Nc3 Nf6 4. d4 exd4 5. Nxd4 Bc5 6. Be3 0-0 7. Nxc6 bxc6 8. Bxc5 d6 9. Bb4 c5 10. Ba3 Re8 11. Bd3 Bb7 12. 0-0 Nxe4 13. Nxe4 Bxe4 14. Bxe4 Rxe4 15. Qf3 Rc8 16. Qxe4 Qf6 17. Rae1 h6 18. Qd3 Rf8 19. Re3 Qg5 20. Rg3 Qh5 21. Qc3 f6 22. b4 cxb4 23. Bxb4 c5 24. Qc4+ Kh8 25. Bd2 Qf7 26. Qxf7 Rxf7 27. Re1 Rb7 28. h4 Rb2 29. Re8+ Kh7 30. Bc3 Rxc2 31. Re7 Rxc3 32. Rxc3 Kg6 33. Rg3+ Kf5 34. Rgxg7 h5 35. f3 c4 36. g4+ hxg4 37. fxg4+ Kf4 38. g5 fxg5 39. hxg5 c3 40. Rgf7+ Kxg5 41. Kg2 c2 42. Rc7 Kg6 43. Rxc2 Kxf7 44. Rd2 Ke6 45. a4 a5 46. Kf3 Ke5 47. Ke3 d5 48. Rd1 d4+ 49. Rxd4 Ke6 50. Ke4 Ke7 51. Ke5 Kf7 52. Kf5 Ke7 53. Rd3 Kf7 54. Rd7+ Ke8 55. Ke6 Kf8 56. Rc7 Kg8 57. Kf6 Kh8 58. Kg6 Kg8 59. Rc8# 1-0

[Event "GER-ch U10"]
[Site "Oberhof"]
[Date "2012.05.27"]
[Round "2"]
[White "Moenster, Madita"]
[Black "Weiten, Teresa"]
[Result "1-0"]
[WhiteElo "1025"]
[BlackElo "834"]
[PlyCount "53"]
[EventDate "2012.05.27"]
[EventType "swiss"]
[EventRounds "11"]
[EventCountry "GER"]
[SourceTitle "CBM 148 Extra"]
[Source "ChessBase"]
[SourceDate "2012.06.22"]
[SourceVersion "1"]
[SourceVersionDate "2012.06.22"]
[SourceQuality "1"]

1. e4 e5 2. Nf3 Nc6 3. Nc3 Nf6 4. Bb5 a6 5. Bxc6 bxc6 6. Nxe5 Bc5 7. 0-0 d5 8. Nxc6 Qd6 9. e5 Qxc6 10. exf6 Qxf6 11. Nxd5 Qd6 12. Qf3 0-0 13. Ne7+ Qxe7 14. Qxa8 Qf6 15. Qd5 Bd6 16. d3 Be6 17. Qf3 Qh4 18. h3 Qd4 19. c3 Qe5 20. g3 Bxh3 21. Rd1 Re8 22. Bf4 Qf6 23. Re1 Rxe1+ 24. Rxe1 g6 25. Re8+ Kg7 26. Bh6+ Kxh6 27. Qxf6 1-0

[Event "GER-ch U10"]
[Site "Oberhof"]
[Date "2011.06.15"]
[Round "7"]
[White "Wastian, Mareike"]
[Black "Weiten, Teresa"]
[Result "1-0"]
[WhiteElo "932"]
[BlackElo "766"]
[PlyCount "51"]
[EventDate "2011.06.11"]
[EventType "swiss"]
[EventRounds "11"]
[EventCountry "GER"]
[SourceTitle "CBM 142 Extra"]
[Source "ChessBase"]
[SourceDate "2011.06.27"]
[SourceVersion "1"]
[SourceVersionDate "2011.06.27"]
[SourceQuality "1"]

1. e4 e5 2. Nf3 Nc6 3. Bb5 Nf6 4. 0-0 Bc5 5. Nc3 0-0 6. Bxc6 dxc6 7. Nxe5 Be6 8. d4 Bb4 9. Bd2 Bxc3 10. Bxc3 Nxe4 11. Qd3 Nxc3 12. Qxc3 Qg5 13. Rad1 Rad8 14. a3 Bd5 15. f3 Rd6 16. Nd3 Rg6 17. g3 Re8 18. Qa5 b6 19. Qxa7 Qe3+ 20. Nf2 Qxf3 21. Ne4 Qxe4 22. Rf2 Rf6 23. Rdf1 Qxd4 24. Qxc7 Re1 25. Qd8+ Re8 26. Qxe8# 1-0

[Event "GER-ch U10"]
[Site "Oberhof"]
[Date "2011.06.12"]
[Round "2"]
[White "Ratay, Meike"]
[Black "Weiten, Teresa"]
[Result "1-0"]
[WhiteElo "1087"]
[BlackElo "766"]
[PlyCount "80"]
[EventDate "2011.06.11"]
[EventType "swiss"]
[EventRounds "11"]
[EventCountry "GER"]
[SourceTitle "CBM 142 Extra"]
[Source "ChessBase"]
[SourceDate "2011.06.27"]
[SourceVersion "1"]
[SourceVersionDate "2011.06.27"]
[SourceQuality "1"]

1. e4 e5 2. Nf3 Nc6 3. Bc4 Nf6 4. Ng5 Bc5 5. Nxf7 Bxf2+ 6. Kxf2 Nxe4+ 7. Kg1 Qf6 8. Qe2 Rf8 9. Qxe4 d6 10. d3 Be6 11. Bxe6 Qxe6 12. Ng5 Qf6 13. Qf3 Qxf3 14. gxf3 0-0-0 15. Ne6 Rf6 16. Nxd8 Nxd8 17. Kg2 Rg6+ 18. Kf2 Ne6 19. Rg1 Rxg1 20. Kxg1 g5 21. Nc3 h5 22. Be3 g4 23. fxg4 hxg4 24. Kf2 Kd7 25. Rg1 d5 26. Nxd5 Kd6 27. Nf6 a5 28. Rxg4 b5 29. h4 c5 30. h5 Nf8 31. h6 e4 32. Nxe4+ Ke6 33. Nxc5+ Kf5 34. Rg8 Nh7 35. Rg5+ Nxg5 36. Bxg5 Kxg5 37. h7 b4 38. h8Q b3 39. axb3 a4 40. bxa4 Kf5 1-0